[Event "Moscow-ch"]
[Site "Moscow"]
[Date "1997.??.??"]
[Round "6"]
[White "Gromadin, Gleb"]
[Black "Shur, Mikhail"]
[Result "0-1"]
[WhiteElo "2190"]
[BlackElo "2365"]

1.c4 e6 2.Nf3 d5 3.g3 Nf6 4.Bg2 c5 5.cxd5 Nxd5 6.O-O Be7 7.Nc3 O-O 8.Nxd5 Qxd5
9.d4 cxd4 10.Qxd4 Qb5 11.Qe4 Nc6 12.b3 f6 13.Bb2 e5 14.Nh4 Rd8 15.Nf5 Bf8
16.Rfd1 Be6 17.e3 Qe2 18.Rxd8 Rxd8 19.Bc3 g6 20.Nd4 Nxd4 21.exd4 Qxe4 22.Bxe4 exd4
23.Rd1 Bc5 24.Bb2 Rb8 25.Bxd4 Bxd4  0-1

[Event "NOR-chT"]
[Site "NOR"]
[Date "1997.??.??"]
[Round "7"]
[White "Storland, Knut H"]
[Black "Ulrichsen, Jarl Henning"]
[Result "1-0"]
[WhiteElo "2260"]
[BlackElo "2290"]

1.c4 e6 2.Nf3 d5 3.d4 Nf6 4.Nc3 a6 5.Bg5 Be7 6.e3 Nbd7 7.Qc2 dxc4 8.Bxc4 b5
9.Bd3 Bb7 10.Rd1 Rc8 11.Qe2 O-O 12.O-O c5 13.dxc5 Rxc5 14.e4 b4 15.Na4 Ra5
16.b3 h6 17.Bc1 Qa8 18.Nd2 Nc5 19.Nxc5 Rxc5 20.f3 Bc6 21.a4 a5 22.Nc4 Bb7
23.Kh1 Ba6 24.Qf2 Bxc4 25.Bxc4 Rcc8 26.Rd3 Rfd8 27.Rfd1 Rxd3 28.Rxd3 Bc5
29.Qd2 Bb6 30.Bb2 Rd8 31.Bb5 Rxd3 32.Qxd3 Qd8 33.Qxd8+ Bxd8 34.Bd4 Bc7 35.Kg1 Nh7
36.Kf2 Nf8 37.g3 e5 38.Ba7 Ne6 39.Ke3 Kf8 40.Bc4 Nd4 41.f4 Nc2+ 42.Kd3 Nd4
43.Bc5+ Ke8 44.f5 g6 45.g4 h5 46.gxh5 gxh5 47.Ke3 Bd8 48.Kf2 Be7 49.Ba7 Bd8
50.Kg3 Kf8 51.Bb8 Nc6 52.Bd6+ Be7 53.Bc7 Bd8 54.Bxd8 Nxd8 55.Bd5 Kg7 56.Kh4 Kh6
57.Ba8 f6 58.Bd5 Kg7 59.Kxh5 Kh7 60.Kg4 Kg7 61.Kf3 Nf7 62.Bxf7 Kxf7 63.Ke3 Kg7
64.Kd3 Kh6 65.Kc4 Kg5 66.Kd5 Kg4 67.Ke6 Kf4 68.Kxf6 Kxe4 69.Kg6 Kd3 70.f6 e4
71.f7 e3 72.f8=Q e2 73.Qf2 Kd2 74.Kf5 Kd1 75.Ke4  1-0

[Event "Nova Gorica op"]
[Site "Nova Gorica"]
[Date "1997.??.??"]
[Round "4"]
[White "Muhtarov, Leonid"]
[Black "Pavasovic, Dusko"]
[Result "0-1"]
[WhiteElo "2230"]
[BlackElo "2460"]

1.c4 e6 2.Nf3 d5 3.g3 Nf6 4.Bg2 dxc4 5.Qa4+ Nbd7 6.O-O a6 7.Nc3 c5 8.Qxc4 b5
9.Qb3 Bb7 10.d3 Be7 11.a4 c4 12.dxc4 Nc5 13.Qd1 b4 14.Nb1 Qxd1 15.Rxd1 Nb3
16.Ra2 Be4 17.Nfd2 O-O-O 18.Re1 Bxb1 19.Nxb1 Bc5 20.Bg5 Ng4 21.Bxd8 Bxf2+
22.Kf1 Rxd8 23.Bf3 Bxe1 24.Kxe1 Ne3 25.Be4 Rd1+ 26.Kf2 Ng4+ 27.Kg2 f5 28.Bd3 Nc1
29.Ra1 Nxd3 30.exd3 Ne3+ 31.Kf2 Nc2 32.Ke2 Rh1 33.Ra2 Rxb1 34.b3 Nd4+ 35.Kd2 Rf1  0-1

[Event "Orense op"]
[Site "Orense"]
[Date "1997.??.??"]
[Round "5"]
[White "Gil Reguera, Juan Carlos"]
[Black "Mitkov, Nikola"]
[Result "0-1"]
[WhiteElo "2310"]
[BlackElo "2455"]

1.c4 e6 2.Nf3 d5 3.cxd5 exd5 4.d4 Nf6 5.Nc3 Bb4 6.Bg5 h6 7.Bxf6 Qxf6 8.a3 Bxc3+
9.bxc3 O-O 10.e3 c5 11.Be2 Nc6 12.O-O Rd8 13.dxc5 Qe7 14.Nd4 Qxc5 15.Qb3 b6
16.Nxc6 Qxc6 17.Rfd1 Be6 18.Rd4 Rac8 19.Rc1 Qc5 20.h3 Rc7 21.Bf3 Rdd7 22.h4 Qa5
23.Qb4 Rc5 24.e4 dxe4 25.Rxd7 Bxd7 26.Bxe4 Qa4 27.c4 Qa6 28.Bd5 Qc8 29.Rd1 Be6
30.Qe1 Qd7 31.Qd2 Bg4 32.f3 Be6 33.Qd4 Ra5 34.Rd3 Kf8 35.g3 Qd6 36.Kf2 Rxa3
37.Rxa3 Qxa3 38.Qe5 Qc5+ 39.Kg2 a5 40.Qb8+ Ke7 41.Qa7+ Kf6 42.Qa8 Qd6 43.g4 Qc7
44.Qf8 Qd7 45.Qb8 Bxd5 46.cxd5 Qxd5 47.Qxb6+ Ke7 48.Qc7+ Ke8 49.Qc8+ Qd8
50.Qf5 Kf8 51.Qh7 Qd2+ 52.Kh3 Qd5 53.Qh8+ Ke7 54.Qxg7 Qxf3+ 55.Kh2 Qf6 56.Qg8 Qxh4+
57.Kg2 Qg5 58.Qc8 h5 59.Qc7+ Kf8 60.Qc8+ Kg7 61.Qc3+ Kh7 62.Qd3+ Kg8 63.Qa6 Qxg4+
64.Kh2 a4 65.Qa8+ Kg7 66.Qd5 a3 67.Qe5+ Kh7 68.Qf6 Qe2+ 69.Kh1 Qe6 70.Qf3 a2
71.Qd3+ Qg6 72.Qc3 Qb1+ 73.Kh2 a1=Q  0-1

[Event "ESP-chT"]
[Site "Ponferrada"]
[Date "1997.??.??"]
[Round "6"]
[White "Comas Fabrego, Luis"]
[Black "Gil Capape, Javier"]
[Result "1-0"]
[WhiteElo "2475"]
[BlackElo "2440"]

1.c4 e6 2.Nf3 d5 3.e3 Nf6 4.b3 Be7 5.Bb2 O-O 6.Be2 c6 7.O-O Nbd7 8.Qc2 Re8
9.d4 Bd6 10.Nc3 dxc4 11.Bxc4 Qe7 12.Rfd1 b6 13.e4 e5 14.Ne2 b5 15.Bd3 Bb7
16.h3 Rad8 17.dxe5 Nxe5 18.Bxe5 Bxe5 19.Nxe5 Qxe5 20.f4 Qh5 21.Ng3 Qh4 22.Qf2 Rd7
23.Bc2 Red8 24.Rxd7 Rxd7 25.e5 Nd5 26.Rd1 Nb6 27.Rxd7 Nxd7 28.Kh2 c5 29.Qd2 Qe7
30.Nf5 Qd8 31.Qd6 g6 32.Ne7+ Kg7 33.Bd3 a6 34.Be2 h5 35.Bxh5 gxh5 36.Nf5+ Kg8
37.e6 fxe6 38.Qxe6+ Kf8 39.Qh6+ Kf7 40.Nd6+ Ke7 41.Qg5+ Nf6 42.Nxb7 Qd5 43.Nxc5 a5
44.Qg7+ Qf7 45.Qxf7+ Kxf7 46.Nb7 a4 47.Nd6+ Ke6 48.Nxb5 axb3 49.Nd4+ Kd5
50.Nxb3 Ke4 51.a4 h4 52.a5 Kxf4 53.a6 Nd5 54.a7 Nc7 55.Nd2  1-0

[Event "POR-chT"]
[Site "?"]
[Date "1997.??.??"]
[Round "?"]
[White "Silva, Fernando"]
[Black "Frois, Antonio"]
[Result "0-1"]
[WhiteElo "2335"]
[BlackElo "2375"]

1.c4 e6 2.Nf3 d5 3.b3 Nf6 4.Bb2 Be7 5.e3 O-O 6.Be2 b6 7.O-O Bb7 8.d3 c5 9.Nc3 Nc6
10.Qd2 Qd7 11.Rfd1 Rfd8 12.cxd5 exd5 13.d4 Qe6 14.Qe1 Rac8 15.Rac1 h6 16.Na4 Ne4
17.dxc5 bxc5 18.Ba3 Ne5 19.Nxe5 Qxe5 20.Rc2 Bd6 21.g3 Qf5 22.Rdc1 d4 23.exd4 cxd4
24.Rxc8 Bxc8 25.Bxd6 Nxd6 26.Nc5 Re8 27.Qd1 Ne4 28.Nxe4 Qxe4 29.Bf3 Qe5 30.Kg2 Bf5
31.Rc4 d3 32.Qc1 Qe6 33.h4 Bh3+ 34.Kh2 Bf5 35.Kg2 Bh3+ 36.Kh2 Bf5 37.Qf4 Rd8
38.Qd2 Qe5 39.Kg2 Kh7 40.Rf4 Be6 41.Re4 Qd6 42.Re3 f5 43.Re1 Bf7 44.Rc1 Qd4
45.Rc3 Rd7 46.h5 Qb4 47.a3 Qxa3 48.Qf4 Qd6 49.Qxf5+ g6 50.Qe4 d2 51.Rc6 d1=Q
52.Bxd1 Bd5 53.hxg6+ Kg7  0-1

[Event "Portoroz op"]
[Site "Portoroz"]
[Date "1997.??.??"]
[Round "?"]
[White "Muhtarov, Leonid"]
[Black "Nikolov, Sasho"]
[Result "0-1"]
[WhiteElo "2230"]
[BlackElo "2370"]

1.c4 e6 2.Nf3 d5 3.g3 Nf6 4.Bg2 Be7 5.O-O O-O 6.d4 Nbd7 7.Nbd2 b6 8.cxd5 Nxd5
9.Ne5 Bb7 10.Qa4 Nxe5 11.dxe5 a5 12.a3 b5 13.Qxb5 Ba6 14.Qa4 Bxe2 15.Re1 Bh5
16.Nc4 Qe8 17.Qxe8 Rfxe8 18.Bd2 a4 19.Rac1 Reb8 20.Be4 Bg6 21.Rc2 Rb5 22.Bxg6 hxg6
23.h4 Kf8 24.Kg2 Bc5 25.Re4 Ke8 26.Rg4 Bf8 27.Rc1 Ra6 28.Rh1 Rc6 29.h5 gxh5
30.Rxh5 Nf6 31.exf6 Rxh5 32.Na5 Rc2 33.Bb4 c5 34.Bc3 gxf6 35.Rg8 Rf5 36.Nb7 Rfxf2+
37.Kh3 f5 38.Kh4 f6 39.Bxf6 Kf7 40.Rh8 Rh2+ 41.Kg5 Rxh8 42.Bxh8 Be7+ 43.Kf4 Bf6
44.Nd6+ Kg6 45.Bxf6 Kxf6 46.Nb7 e5+ 47.Ke3 c4 48.Nc5 Rxb2 49.Nxa4 Rb3+  0-1

[Event "GER-chT Seniors"]
[Site "Potsdam"]
[Date "1997.??.??"]
[Round "4"]
[White "Hoffmann, Hans"]
[Black "Mertins, Klaus"]
[Result "1-0"]
[WhiteElo "2210"]
[BlackElo "2230"]

1.c4 e6 2.Nf3 d5 3.b3 c5 4.g3 Be7 5.Bb2 Bf6 6.Nc3 b6 7.cxd5 exd5 8.Bg2 Bb7
9.d4 Ne7 10.O-O Nbc6 11.e3 cxd4 12.exd4 O-O 13.Re1 Nf5 14.Ba3 Be7 15.Bxe7 Ncxe7
16.Rc1 Rc8 17.Qd3 Rc7 18.Bh3 Bc8 19.Bg2 Nd6 20.Ng5 Bf5 21.Qd2 Ne8 22.Nh3 Nf6
23.Nf4 Qd7 24.Re3 g5 25.Rce1 Be4 26.Nfxd5 Nexd5 27.Nxe4 Nxe4 28.Rxe4 f6 29.h4 h6
30.Re6 Rf7 31.Qd3 Rg7 32.Qf3 Ne7 33.hxg5 fxg5 34.d5 Ng6 35.d6 Rc5 36.Qe4 Nf8
37.Rxh6  1-0

[Event "Pula op"]
[Site "Pula"]
[Date "1997.??.??"]
[Round "5"]
[White "Fucak, Emilijo"]
[Black "Vospernik, Andrej"]
[Result "1-0"]
[WhiteElo "2310"]
[BlackElo "2140"]

1.c4 e6 2.Nf3 d5 3.b3 Nf6 4.Bb2 Be7 5.g3 O-O 6.Bg2 c5 7.O-O Nc6 8.cxd5 exd5
9.d4 b6 10.Nc3 Bg4 11.Ne5 Rc8 12.Nxg4 Nxg4 13.e3 Nf6 14.dxc5 d4 15.exd4 Qxd4
16.cxb6 Qxb6 17.Nd5 Nxd5 18.Bxd5 Nb4 19.Qg4 Qg6 20.Qxg6 hxg6 21.Bc4 Bc5 22.Rfd1 Rfd8
23.a3 Nc2 24.Rac1 Rxd1+ 25.Rxd1 Nxa3 26.Rc1 Rb8 27.Bxf7+ Kxf7 28.Rxc5 Rxb3
29.Rc7+ Ke6 30.Bxa3 Rxa3 31.Rxg7 Kf6 32.Rc7 a5 33.h4 a4 34.Rc6+ Kg7 35.Ra6 Kh6
36.Ra7 Kh5 37.Kg2 Kg4 38.Ra5  1-0

[Event "EU-chT (Men)"]
[Site "Pula"]
[Date "1997.??.??"]
[Round "6"]
[White "Ftacnik, Lubomir"]
[Black "Vaisser, Anatoli"]
[Result "1-0"]
[WhiteElo "2595"]
[BlackElo "2580"]

1.c4 e6 2.Nf3 d5 3.g3 Nf6 4.d4 dxc4 5.Bg2 c5 6.O-O Nc6 7.Ne5 Bd7 8.Na3 cxd4
9.Naxc4 Rc8 10.Bf4 Nd5 11.Nxc6 Bxc6 12.Qxd4 Nxf4 13.Qxf4 Bxg2 14.Kxg2 Bc5
15.Rad1 Qf6 16.Qe4 b6 17.Ne5 O-O 18.Nd7 Qxb2 19.Nxf8 Rxf8 20.Qc4 g6 21.Rd7 a5
22.Rfd1 Qf6 23.Qf4 Qb2 24.R1d2 Qc3 25.R7d3 Qa1 26.Rd8 Kg7 27.Rxf8 Bxf8 28.Rd8 Bc5
29.a4 h5 30.h3 Qb2 31.e3 Be7 32.Rd7 Qf6 33.Qxf6+ Kxf6 34.f4 Bc5 35.Kf3 Kg7
36.e4 Kf8 37.e5 Kg7 38.Ke4 Kf8 39.g4 hxg4 40.hxg4 Ke8 41.Rb7 Kf8 42.f5 gxf5+
43.gxf5 exf5+ 44.Kxf5 Bf2 45.Ra7 Be1 46.Ra8+ Kg7 47.Ra7 Kf8 48.Ra6 Bf2 49.Ra8+ Ke7
50.Rb8 Kd7 51.Kf6 Bd4 52.Rb7+ Kc6 53.Rxf7 b5 54.axb5+ Kxb5 55.Rd7 Bc3 56.Kf5 Bb4
57.e6 Bf8 58.e7 Bxe7 59.Rxe7 a4 60.Ra7 Kb4 61.Ke4  1-0

[Event "EU-chT (Men)"]
[Site "Pula"]
[Date "1997.??.??"]
[Round "9"]
[White "Grant, Jonathan"]
[Black "Grivas, Efstratios"]
[Result "1/2-1/2"]
[WhiteElo "2275"]
[BlackElo "2510"]

1.c4 e6 2.Nf3 d5 3.b3 Nf6 4.g3 a5 5.Bb2 a4 6.Qc1 Nc6 7.d3 Be7 8.Bg2 O-O 9.O-O d4
10.Na3 e5 11.Nc2 Re8 12.Qd2 a3 13.Bc1 e4 14.Ng5 e3 15.fxe3 dxe3 16.Qe1 Nd4
17.Nxd4 Qxd4 18.Rb1 Qc5 19.Ne4 Qh5 20.Nxf6+ Bxf6 21.b4 Bd4 22.Rb3 c6 23.b5 Bd7
24.bxc6 Bxc6 25.Rxa3 Rxa3 26.Bxa3 Bxg2 27.Kxg2 Ra8 28.Rf4 Be5 29.Rh4 Qf5
30.d4 Rxa3 31.dxe5 Rxa2 32.Rd4 h6 33.e6 fxe6 34.Qf1 Qc2 35.Kf3 Ra5 36.g4 Ra8
37.Rf4 e5 38.Rf5 Qxc4 39.Qd1 Qc6+ 40.Kg3 Qb5 41.h4 Re8 42.g5 hxg5 43.hxg5 Qc6
44.Qd3 b5 45.Rf1 Rf8 46.Rxf8+ Kxf8 47.Qf5+ Kg8 48.g6 Qc7 49.Qe6+ Kf8 50.Qd5 Ke7
51.Qxb5 Kf6 52.Qa6+ Kf5 53.Kf3 Qc3 54.Qa8 Qd4 55.Qf8+ Kg5 56.Qe7+ Kh6 57.Qf7 Kg5
58.Qe7+ Kh5 59.Qf7 e4+ 60.Kf4 Kh6 61.Qf5 Qd6+ 62.Kxe3 Qxg6 63.Qxg6+  1/2-1/2

[Event "Rome op1"]
[Site "Rome"]
[Date "1997.??.??"]
[Round "5"]
[White "Pezzaldi, Roberto"]
[Black "Lagumina, Giulio"]
[Result "0-1"]
[WhiteElo "2105"]
[BlackElo "2265"]

1.c4 e6 2.Nf3 d5 3.b3 Nf6 4.Bb2 Be7 5.g3 O-O 6.Bg2 c5 7.e3 Nc6 8.O-O Qb6
9.Na3 Rd8 10.d4 cxd4 11.cxd5 dxe3 12.Nc4 exf2+ 13.Rxf2 Qc7 14.Rd2 exd5 15.Ne3 Bc5
16.Nd4 Ne4 17.Nxd5 Rxd5 18.Bxe4 Rxd4 19.Bxd4 Nxd4 20.Kg2 Qe5 21.Qe1 g6 22.Rad1 Bg4
23.Bxb7 Qb8 24.Be4 Bxd1 25.Rxd1 Qe8 26.Bxa8 Qxa8+ 27.Kh3 Nf3 28.Qh1 Qe4 29.Rd8+ Kg7
30.Qc1 Ng1+  0-1

[Event "Schwaebisch Gmuend op"]
[Site "Schwaebisch Gmuend"]
[Date "1997.??.??"]
[Round "6"]
[White "Pribyl, Josef"]
[Black "Mueller, Christian"]
[Result "1-0"]
[WhiteElo "2460"]
[BlackElo "2200"]

1.c4 e6 2.Nf3 d5 3.b3 c5 4.g3 Nc6 5.Bg2 Nf6 6.O-O Be7 7.Bb2 O-O 8.e3 b6 9.Nc3 Bb7
10.d3 dxc4 11.dxc4 Qc7 12.Qe2 Rad8 13.Rfd1 Rxd1+ 14.Rxd1 Rd8 15.Nb5 Rxd1+
16.Qxd1 Qd7 17.Qxd7 Nxd7 18.Nd2 a6 19.Nc3 Nd8 20.Bxb7 Nxb7 21.f4 h5 22.Kf2 g6
23.h3 Bf6 24.Nde4 Bg7 25.Nd1 Bxb2 26.Nxb2 Kf8 27.Nd3 f6 28.Nc3 Ke7 29.e4 Nd6
30.Kf3 Kf7 31.e5 Nf5 32.exf6 Nd4+ 33.Ke3 Kxf6 34.g4 hxg4 35.hxg4 Nc6 36.Ne4+ Ke7
37.g5 Nd4 38.Nef2 Nc2+ 39.Kd2 Nb4 40.Nxb4 cxb4 41.Nd3 a5 42.Ke3 Kd6 43.Kd4 Nf8
44.c5+ bxc5+ 45.Nxc5 Kc6 46.Nd3 Kb5 47.Ke5  1-0

[Event "Schwaebisch Gmuend op"]
[Site "Schwaebisch Gmuend"]
[Date "1997.??.??"]
[Round "8"]
[White "Sadewasser, Axel"]
[Black "Held, Markus"]
[Result "1-0"]
[WhiteElo "2020"]
[BlackElo "2330"]

1.c4 e6 2.Nf3 d5 3.g3 dxc4 4.Qa4+ Nd7 5.Bg2 a6 6.Qxc4 c5 7.Qc2 Ngf6 8.Nc3 Rb8
9.d4 Bd6 10.O-O b5 11.dxc5 Nxc5 12.Rd1 Qc7 13.Rxd6 Qxd6 14.Bf4 Qb6 15.Nxb5 Nce4
16.Bxb8 Qxb8 17.Nc3 Nxc3 18.Qxc3 O-O 19.Ne5 Bb7 20.Bxb7 Qxb7 21.Rc1 Rd8 22.b3 Nd5
23.Qf3 f6 24.Nd3 Qb6 25.Qe4 e5 26.Rc5 Ne7 27.Qc4+ Kf8 28.Rc7 e4 29.Nf4 Rd6
30.Rxe7 Kxe7 31.Nd5+ Rxd5 32.Qxd5 Qb4 33.Kg2 g6 34.h4 a5 35.Qg8 e3 36.Qxh7+ Ke6
37.Qxg6 exf2 38.Kxf2 Qd4+ 39.Kf3 Qc3+ 40.Qd3 Qa1 41.Kg2 Qe5 42.a3 f5 43.Qc4+ Kf6
44.b4 a4 45.b5 Qb2 46.Qd3 Qb3 47.Qd6+ Kg7 48.b6 Qe3 49.Kf1 Qe4 50.Kf2 Qh1
51.Qd7+ Kf6 52.Qd6+ Kf7 53.Qc7+ Kf6 54.Qc3+ Kg6 55.Qf3 Qb1 56.Qc6+ Kh5 57.b7 Qb2
58.Qe8+  1-0

[Event "BUL-ch"]
[Site "Shumen"]
[Date "1997.??.??"]
[Round "8"]
[White "Avramov, Anton"]
[Black "Tsvetkov, Ilia"]
[Result "0-1"]
[WhiteElo "2210"]
[BlackElo "2330"]

1.c4 e6 2.Nf3 d5 3.Nc3 Nf6 4.e3 c6 5.Be2 Nbd7 6.O-O dxc4 7.Bxc4 b5 8.Be2 a6
9.b3 Bb7 10.Bb2 Be7 11.d4 O-O 12.Rc1 Rc8 13.Bd3 c5 14.Qe2 cxd4 15.exd4 Nb6
16.Ng5 Nbd5 17.Nh3 Nxc3 18.Rxc3 Rxc3 19.Bxc3 Qd6 20.Bb2 Rc8 21.Rd1 Bd8 22.Qe5 Bc7
23.Nf4 Ng4 24.Qxd6 Bxd6 25.g3 Bxf4 26.gxf4 g6 27.d5 Bxd5 28.h3 Nh6 29.Kh2 f5
30.Kg3 Kf7 31.f3 Ng8 32.Kf2 Nf6 33.Rc1 Rxc1 34.Bxc1 Bb7 35.Bb2 Nd5 36.Be5 Nb4
37.Bb1 Bd5 38.Bc3 Nc6 39.Bd3 Ke7 40.Ke3 Kd6 41.Be2 Kc5 42.Bg7 Kb4 43.Bb2 a5
44.Bd1 a4 45.a3+ Kc5 46.bxa4 b4 47.axb4+ Kxb4 48.Bg7 Bb3 49.Bf8+ Kxa4 50.Be2 Bd5
51.Bc5 Kb3 52.Bb5 Nb4 53.Kd4 Nc2+ 54.Ke5 Ne1 55.Be2 Kc3 56.Be3 Ng2 57.Bc1 Kc2
58.Ba3 Kd2 59.Bf1 Nh4 60.Kf6 Ke3 61.Bd6 Kf2 62.Bb5 Kxf3 63.Kg5 Kg3 64.Bf1 h5
65.Bc7 Bg2 66.Bxg2 Nxg2 67.Kxg6 h4 68.Kf6 Kxh3 69.Kxe6 Kg4  0-1

[Event "Sitges op"]
[Site "Sitges"]
[Date "1997.??.??"]
[Round "3"]
[White "Law, Andrew P"]
[Black "Kaeding, Rainer"]
[Result "0-1"]
[WhiteElo "2370"]
[BlackElo "2225"]

1.c4 e6 2.Nf3 d5 3.cxd5 exd5 4.g3 Nf6 5.Bg2 c6 6.O-O Bg4 7.d3 Nbd7 8.Bg5 Be7
9.Nbd2 O-O 10.Qb3 Nc5 11.Qc2 Ne6 12.Bxf6 Bxf6 13.Qa4 Bxf3 14.Nxf3 Bxb2 15.Rab1 Bf6
16.Rfc1 Qe7 17.d4 g6 18.e3 Ng7 19.Rb3 Nf5 20.Rcb1 Nd6 21.Qa3 Rfe8 22.Nd2 Qe6
23.Qb2 Rac8 24.Re1 c5 25.Nf3 c4 26.Ra3 a6 27.Ne5 Nb5 28.f4 Nxa3 29.Qxa3 Be7
30.Qc3 f6 31.Qa5 b5 32.Nf3 c3 33.Kf2 Bd8 34.Qa3 Kg7 35.Ng1 Bb6 36.Qxa6 c2
37.Ne2 Qxe3+ 38.Kf1 Bxd4 39.Qb7+ Kh6 40.g4 Qf2+  0-1

[Event "RUS-Cup8"]
[Site "Smolensk"]
[Date "1997.??.??"]
[Round "6"]
[White "Vaulin, Alexander"]
[Black "Tregubov, Pavel V"]
[Result "1-0"]
[WhiteElo "2490"]
[BlackElo "2525"]

1.c4 e6 2.Nf3 d5 3.d4 c6 4.Qc2 Nf6 5.Bg5 Nbd7 6.e3 Qa5+ 7.Nbd2 Ne4 8.Bf4 Bb4
9.a3 g5 10.Bg3 h5 11.O-O-O Bxa3 12.bxa3 h4 13.Nxe4 dxe4 14.Bd6 exf3 15.gxf3 c5
16.dxc5 Qxa3+ 17.Qb2 Qxb2+ 18.Kxb2 f6 19.f4 gxf4 20.exf4 Kf7 21.Rg1 a5 22.Bg2 a4
23.Ka3 Ra5 24.Kb4 Ra7 25.Bf3 a3 26.Rd3 a2 27.Ra3 Rxa3 28.Kxa3 f5 29.Kxa2 Nf6
30.Be5 Rd8 31.Bxf6 Kxf6 32.Rd1 Rxd1 33.Bxd1 e5 34.Kb3 Bd7 35.Bf3 e4 36.Bd1 Ke7
37.Kb4 Kd8 38.Ba4 Bxa4 39.Kxa4 Kc7 40.h3 Kc6 41.Kb4 Kd7 42.Kb5 Kc7 43.c6 bxc6+
44.Ka6 Kd7 45.Kb7  1-0

[Event "SVK-chT 9697"]
[Site "SVK"]
[Date "1997.??.??"]
[Round "1"]
[White "Dudas, Jan"]
[Black "Franzen, Josef"]
[Result "1/2-1/2"]
[WhiteElo "2310"]
[BlackElo "2325"]

1.c4 e6 2.Nf3 d5 3.b3 Nf6 4.Bb2 Be7 5.g3 O-O 6.Bg2 c5 7.O-O Nc6 8.d3 d4 9.e3 e5
10.exd4 exd4 11.Re1 h6 12.Na3 Bd6 13.Nc2 a5 14.a3 Bg4 15.Qd2 Qd7 16.b4 Rfe8
17.bxc5 Bxc5 18.Qf4 Nh5 19.Qd2 Nf6 20.Qf4 Nh5 21.Qd2  1/2-1/2

[Event "SVK-chT 9798"]
[Site "SVK"]
[Date "1997.??.??"]
[Round "4"]
[White "Stohl, Igor"]
[Black "Vavrak, Peter"]
[Result "1-0"]
[WhiteElo "2565"]
[BlackElo "2245"]

1.c4 e6 2.Nf3 d5 3.d4 c6 4.Qc2 f5 5.Bf4 Bd6 6.e3 Nf6 7.Bd3 O-O 8.Nbd2 Ne4
9.O-O Qe7 10.Bxd6 Qxd6 11.Bxe4 dxe4 12.c5 Qd5 13.Ne5 b6 14.Rfc1 Bb7 15.b4 Nd7
16.Ndc4 Nxe5 17.Nxe5 b5 18.a4 Ba6 19.Qa2 Rfc8 20.f3 exf3 21.gxf3 Qxa2 22.Rxa2 bxa4
23.Rxa4 Bb5 24.Ra2 Rc7 25.Kf2 Kf8 26.e4 Rd8 27.Rd2 Rb7 28.Ke3 Ke7 29.Rg1 Kf6
30.Rdg2 Rg8 31.h4 g6 32.Kd2 a5 33.bxa5 Ra7 34.Rg5 Rxa5 35.h5 Ra4 36.Ke3 f4+
37.Kxf4 Rxd4 38.hxg6 hxg6 39.Rxg6+ Rxg6 40.Rxg6+ Ke7 41.Rg7+ Ke8 42.Kg5  1-0

[Event "Piatka op"]
[Site "Swidnica"]
[Date "1997.??.??"]
[Round "6"]
[White "Eingorn, Vereslav S"]
[Black "Shalimov, Valery A"]
[Result "1-0"]
[WhiteElo "2595"]
[BlackElo "2425"]

1.c4 e6 2.Nf3 d5 3.b3 Nf6 4.g3 a5 5.Nc3 Nc6 6.Bg2 d4 7.Nb5 e5 8.O-O Bc5 9.e3 O-O
10.d3 Bg4 11.h3 Bxf3 12.Qxf3 Rb8 13.Qf5 g6 14.Qg5 Be7 15.exd4 Nd7 16.Qd2 Bb4
17.Qb2 Nxd4 18.Nxd4 exd4 19.Qxd4 Nc5 20.Bd5 Ne6 21.Qb2 Re8 22.Be3 c6 23.Bxe6 Rxe6
24.Rad1 Qd7 25.Kg2 b5 26.Qc2 Bf8 27.Rfe1 Bg7 28.Bd2 Rxe1 29.Rxe1 b4 30.Bf4 Rd8
31.Bg5 f6 32.Bc1 f5 33.Bg5 Qxd3 34.Re8+ Kf7 35.Re7+ Kf8 36.Qc1 h6 37.Re3 Qd1
38.Re8+ Kxe8 39.Qe3+ Kf7 40.Qe7+ Kg8 41.Qxd8+ Qxd8 42.Bxd8 Bf8 43.Bxa5 Bc5
44.Bc7 Kf7 45.Bf4 h5 46.Kf3 Ke6 47.Ke2 Be7 48.Bd2 g5 49.c5 Bxc5 50.Bxg5 Bd6
51.Kd3 Kd5 52.Bd2 Kc5 53.Be3+ Kd5 54.f3 Be7 55.Bd2 Bd6 56.g4 fxg4 57.fxg4 hxg4
58.hxg4 Bf8 59.g5 c5 60.Bc1 Bg7 61.g6 Ke6 62.Kc4 Kf5 63.Be3 Kxg6 64.Bxc5 Kf7
65.Kxb4 Ke6 66.Kb5 Kd7 67.Kb6 Kc8 68.b4 Kb8 69.b5 Bc3 70.a4 Ka8 71.a5 Bd2
72.Ka6 Bf4 73.b6 Kb8 74.b7  1-0

[Event "SWZ-chT9697"]
[Site "SWZ"]
[Date "1997.??.??"]
[Round "?"]
[White "Kraehenbuehl, Gerhard"]
[Black "Gilles, Raphael"]
[Result "1-0"]
[WhiteElo "2270"]
[BlackElo "2270"]

1.c4 e6 2.Nf3 d5 3.g3 Nf6 4.Bg2 Be7 5.O-O O-O 6.b3 c5 7.e3 Nbd7 8.Bb2 b6
9.Qe2 Bb7 10.d3 Qc7 11.Nbd2 Rad8 12.Rad1 Rfe8 13.e4 dxe4 14.dxe4 e5 15.Nh4 Nf8
16.Bh3 Rxd2 17.Qxd2 Nxe4 18.Qe3 Bg5 19.Qd3 Bxh4 20.gxh4 Ng6 21.f3 Nf6 22.Qe3 Nf4
23.Bf5 g6 24.Be4 Nxe4 25.fxe4 Ne6 26.Qg3 Nd4 27.Rf2 Bxe4 28.Bxd4 cxd4 29.Rxd4 Bb7
30.h3 Qc6 31.Rd5 Qe6 32.Rd1 e4 33.Rd6 Qe7 34.Re2 Qc7 35.Rxg6+  1-0

[Event "EU-ch U16"]
[Site "Tallinn"]
[Date "1997.??.??"]
[Round "4"]
[White "Stryjecki, Marek"]
[Black "Vavrak, Peter"]
[Result "1/2-1/2"]
[WhiteElo "2320"]
[BlackElo "2245"]

1.c4 e6 2.Nf3 d5 3.b3 Nf6 4.Bb2 Be7 5.g3 O-O 6.Bg2 c5 7.O-O b6 8.e3 Bb7 9.d3 Nc6
10.Ne1 Qd7 11.f4 Rad8 12.Qe2 Ne8 13.Nd2 Bf6 14.Ndf3 Bxb2 15.Qxb2 Nd6 16.Rf2 Qe7
17.Re2 Rfe8 18.Rc1 f6 19.a3 dxc4 20.bxc4 e5 21.fxe5 Nxe5 22.Nxe5 fxe5 23.Bxb7 Nxb7
24.Qc3 Nd6 25.e4 Nf7 26.Nc2 Ng5 27.Ne3 Rf8 28.Rd1 Qf7 29.Nf5 Nxe4 30.Qxe5 Qxf5
31.Qxe4 Qxe4 32.Rxe4 Rf3 33.Re7 Rfxd3 34.Rxd3 Rxd3 35.Rxa7 Rc3 36.Ra6 Rxc4
37.Rxb6 Ra4 38.Rc6 Rxa3  1/2-1/2

[Event "EU-ch U18"]
[Site "Tallinn"]
[Date "1997.??.??"]
[Round "9"]
[White "Eusebe, Aurelien"]
[Black "Pihlajasalo, Antti"]
[Result "1/2-1/2"]
[WhiteElo "2205"]
[BlackElo "2245"]

1.c4 e6 2.Nf3 d5 3.g3 c5 4.Bg2 Nc6 5.O-O Nf6 6.cxd5 exd5 7.d4 Be6 8.Nc3 Be7
9.dxc5 Bxc5 10.Na4 Be7 11.Be3 O-O 12.Rc1 Ng4 13.Bc5 Re8 14.h3 Nge5 15.Nxe5 Nxe5
16.b3 Nc6 17.Bxe7 Qxe7 18.Nc5 Rad8 19.Qc2 Bc8 20.e3 Qf6 21.Kh2 Qh6 22.Nd3 Bf5
23.Qc3 d4 24.exd4 Nxd4 25.Nf4 Ne6 26.Nxe6 Bxe6 27.Rcd1 Rxd1 28.Rxd1 Qh5 29.Re1 h6
30.Qc7 Qg5 31.f4 Qd8 32.Qxb7 Qd2 33.Qe4 Bd7 34.Qxe8+ Bxe8 35.Rxe8+ Kh7 36.a4 a5
37.Re7 f6 38.Rb7 Kg6 39.h4 Qe3 40.Rb5 f5 41.Kh3 Kf6 42.Rxa5 Qxb3 43.Ra6+ Kf7
44.Kh2 Qd3 45.Ra8 Kg6 46.a5 Kh5 47.Rg8 Qc3 48.Kh3 Kg6 49.a6 Qa1 50.Rc8 Kh7
51.Rc6 Qa3 52.Kh2 Qa5 53.Re6 Qa2 54.Rd6 Qa3  1/2-1/2

[Event "Tanta op"]
[Site "Tanta"]
[Date "1997.??.??"]
[Round "7"]
[White "El Ghazali, Youssef M"]
[Black "Georg, Magdy"]
[Result "0-1"]
[WhiteElo "2275"]
[BlackElo "2345"]

1.c4 e6 2.Nf3 d5 3.e3 c6 4.b3 f5 5.Bb2 Nf6 6.Be2 Bd6 7.Nc3 O-O 8.Qc2 Qe7
9.a3 Ne4 10.d3 Nxc3 11.Qxc3 Nd7 12.h3 Nf6 13.Ne5 Nd7 14.Nf3 Nf6 15.g3 Bd7
16.Ne5 Be8 17.g4 f4 18.e4 dxe4 19.g5 Nd7 20.Nxd7 Bxd7 21.dxe4 f3 22.Bxf3 e5
23.Be2 Bc5 24.f3 Bd4 25.Qd2 Bxb2 26.Qxb2 Qxg5 27.Qc1 Qg2 28.Rf1 Bxh3 29.Qe3 Rad8
30.Rg1 Qh2 31.Qg5 g6 32.Qg3 Qxg3+ 33.Rxg3 Bc8 34.c5 Kg7 35.Rd1 Rxd1+ 36.Bxd1 h5
37.Kf2 Be6 38.b4 Rd8 39.Be2 Rd2 40.Ke1 Ra2 41.b5 cxb5 42.f4 exf4 43.Rc3 Bd7
44.Rd3 Bc6 45.e5 Rc2 46.Rd6 Rxc5 47.Re6 Be4 48.Bd1 Bf5 49.Re7+ Kf8 50.Rxb7 Rxe5+
51.Kf2 a6 52.Ra7 Re6 53.Bf3 Bg4 54.Bd5 Re2+ 55.Kg1 Rd2 56.Be4 f3 57.Rxa6 f2+
58.Kf1 Bh3+ 59.Bg2 Bf5 60.Rf6+ Kg7 61.Rxf5 gxf5 62.Bc6 Rb2 63.a4 bxa4 64.Bxa4 Kf6  0-1

[Event "Tenerife sim"]
[Site "Tenerife"]
[Date "1997.??.??"]
[Round "7"]
[White "Topalov, Veselin"]
[Black "Moreira, Jairo"]
[Result "0-1"]
[WhiteElo "2745"]
[BlackElo "2180"]

1.Nf3 e6 2.c4 d5 3.d4 Nf6 4.Nc3 Bb4 5.Bg5 O-O 6.e3 c6 7.Rc1 h6 8.Bxf6 Qxf6
9.Bd3 Nd7 10.O-O Rd8 11.Qb3 Qe7 12.a3 Ba5 13.Rfd1 Nf6 14.Qc2 Bd7 15.b4 Bc7
16.Qb2 Rac8 17.h3 Ne8 18.a4 Nf6 19.Ne5 Bb8 20.f4 dxc4 21.Bxc4 Nd5 22.Bxd5 exd5
23.Re1 Bd6 24.Nxd7 Qxd7 25.Nd1 Qe7 26.Nf2 Bxb4 27.Re2 Ba3  0-1

[Event "Jarleslaget op"]
[Site "Trondheim"]
[Date "1997.??.??"]
[Round "5"]
[White "Davies, Nigel R"]
[Black "Rausis, Igors"]
[Result "1/2-1/2"]
[WhiteElo "2505"]
[BlackElo "2490"]

1.c4 e6 2.Nf3 d5 3.g3 Nf6 4.Bg2 Be7 5.O-O O-O 6.d4 dxc4 7.Qc2 a6 8.Qxc4 b5
9.Qc2 Bb7 10.Bg5 Nbd7 11.Nbd2 Rc8 12.Bxf6  1/2-1/2

[Event "ROM-chT"]
[Site "Tusnad"]
[Date "1997.??.??"]
[Round "?"]
[White "Litinskaya, Marta I"]
[Black "Olarasu, Iuliana"]
[Result "1-0"]
[WhiteElo "2335"]
[BlackElo "2025"]

1.c4 e6 2.Nf3 d5 3.g3 Nf6 4.Bg2 c6 5.b3 Bd6 6.Bb2 Nbd7 7.O-O O-O 8.Qc2 Qe7
9.Nc3 e5 10.cxd5 Nxd5 11.Nxd5 cxd5 12.Nh4 Nf6 13.Nf5 Bxf5 14.Qxf5 Rad8 15.Rac1 Rfe8
16.Rc2 g6 17.Qg5 Qe6 18.d3 Nh5 19.Qd2 f5 20.Qa5 Bb8 21.Rfc1 f4 22.Rc8 b6
23.Bxd5 bxa5 24.Bxe6+ Kg7 25.Rxd8 Rxd8 26.Rc5 fxg3 27.hxg3 Kf6 28.Bc4 a4
29.bxa4 Ng7 30.f4 Re8 31.e4 Nh5 32.Kg2 Ng7 33.Ra5  1-0

[Event "Verona op"]
[Site "Verona"]
[Date "1997.??.??"]
[Round "2"]
[White "Corvi, Marco"]
[Black "Farina, Saverio"]
[Result "1-0"]
[WhiteElo "2235"]
[BlackElo "2170"]

1.c4 e6 2.Nf3 d5 3.b3 c5 4.Bb2 Nc6 5.e3 Nf6 6.Be2 Be7 7.O-O O-O 8.d3 b6 9.Nbd2 Bb7
10.a3 Qc7 11.Qc2 Rac8 12.Rac1 Rfd8 13.Rfd1 Qb8 14.Qb1 h6 15.Qa1 Qa8 16.cxd5 Rxd5
17.Bc3 Rcd8 18.Nc4 Ne8 19.e4 R5d7 20.Nfe5 Nd4 21.Qb2 Rc7 22.Ne3 Bf6 23.f4 Bxe5
24.fxe5 Rcd7 25.Be1 Nc7 26.Bh4 Rf8 27.Ng4 h5 28.Ne3 g6 29.Bf1 Kh7 30.Rd2 Kh6
31.Rf2 Bxe4 32.dxe4 Qxe4 33.Bg3 g5 34.Qd2 Nxb3 35.Qxd7 Qxe3 36.Re1 Qd4 37.Qxc7 Nd2
38.Qe7 Rg8 39.Qxf7 Rg7 40.Qxe6+ Rg6 41.Qf5 h4 42.Bd3  1-0